Statistics for The Walking Dead Cast

Click here to take the quiz!

General Stats

  • This quiz has been taken 30 times
  • The average score is 15 of 37

Answer Stats

CharacterActor% Correct
Rick GrimesAndrew Lincoln
100%
Daryl DixonNorman Reedus
96%
Glenn RheeSteven Yeun
88%
Carl GrimesChandler Riggs
85%
Carol PeletierMelissa McBride
85%
NeganJeffrey Dean Morgan
77%
Shane WelshJon Bernthal
73%
Maggie GreeneLauren Cohan
73%
Beth GreeneEmily Kinney
58%
Lori GrimesSarah Wayne Callies
54%
Hershel GreeneScott Wilson
54%
MichonneDanai Gurira
50%
Merle DixonMichael Rooker
50%
Morgan JonesLennie James
46%
Tara ChamblerAlanna Masterson
42%
RositaChristian Serratos
42%
The GovernorDavid Morrisey
38%
Abraham FordMichael Cudlitz
38%
Dale HorvathJeffrey DeMunn
35%
Sasha WilliamsSonequa Martin-Green
35%
SimonSteven Ogg
35%
T-DogIronE Singleton
31%
Gabriel StokesSeth Gilliam
31%
Eugene PorterJosh McDermitt
27%
Andrea HarrisonLaurie Holden
27%
Tyreese WilliamsChad L. Coleman
23%
King EzekielKhary Payton
23%
AlphaSamantha Morton
23%
BetaRyan Hurst
19%
DwightAustin Amelio
15%
Amy HarrisonEmma Bell
12%
JerryCooper Andrews
8%
Bob StokeyLawrence Gilliard Jr.
8%
Sophia PeletierMadison Lintz
8%
EastmanJohn Carroll Lynch
4%
AxelLew Temple
4%
GregoryXander Berkeley
4%

Score Distribution

Percentile by Number Answered

Percent of People with Each Score

Your Score History

You have not taken this quiz